000 00488nam a2200181Ia 4500
001 9512
005 20260306161724.0
008 260306t2016||||xx |||||||||||||| ||spa||
041 _aESP
082 _a379.85
_bS23
100 _aSánchez Moreno Izaguirre, Guillermo
_eAUT
245 0 _aConstruyendo la carrera del maestro Perú 2001 - 2014:
_baciertos y tropiezos
260 _c2016
300 _a277 páginas :
_c24 cm.
650 _aGEN
654 _aCED
942 _cLIB
_dJUS
_fJUS
_2ddc
_n
999 _c9512
_d9512